| 000 | 00493nam a22001697a 4500 | ||
|---|---|---|---|
| 999 |
_c62266 _d62266 |
||
| 005 | 20240909124323.0 | ||
| 008 | 240909c2013 enk||||| |||| 00| 0 eng d | ||
| 022 | _a 0017 8322. | ||
| 041 | _aeng | ||
| 245 |
_aHastings Law Journal : _b2013 / _c Editor A. Alameddine. |
||
| 260 |
_aCalifornia, _c2013. |
||
| 300 | _aV. | ||
| 653 | _aსამართალი | ||
| 653 | _aპერიოდიკა | ||
| 700 |
_aAlameddine, A. _eრედაქტორი _923187 |
||
| 942 |
_2udc _cCR |
||